BIBLIOTECA

SENCICO

Técnicas de arte digital para ilustradores y artistas : (Registro nro. 3689)

Detalles MARC
000 -LEADER
fixed length control field 00877nam a22002297a 4500
003 - CONTROL NUMBER IDENTIFIER
control field PE SENCICO BE
005 - DATE AND TIME OF LATEST TRANSACTION
control field 20251020182622.0
008 - FIXED-LENGTH DATA ELEMENTS--GENERAL INFORMATION
fixed length control field 221213b |||||||| |||| 00| 0 eng d
020 ## - INTERNATIONAL STANDARD BOOK NUMBER
International Standard Book Number 978-84-15053-20-0
040 ## - CATALOGING SOURCE
Original cataloging agency PE SENCICO BE
Transcribing agency PE SENCICO BE
041 ## - LANGUAGE CODE
Language code of text/sound track or separate title spa
082 ## - DEWEY DECIMAL CLASSIFICATION NUMBER
Classification number 778.3
Item number L26
100 1# - MAIN ENTRY--PERSONAL NAME
9 (RLIN) 269
Personal name Lardner, Joel
245 1# - TITLE STATEMENT
Title Técnicas de arte digital para ilustradores y artistas :
Remainder of title la guía esencial para crear trabajos de arte e ilustración con photoshop, ilustrator y otros programas /
Statement of responsibility, etc. Joel Lardner y Paul Roberts
260 ## - PUBLICATION, DISTRIBUTION, ETC.
Place of publication, distribution, etc. Barcelona :
Name of publisher, distributor, etc. Acanto,
Date of publication, distribution, etc. 2012
300 ## - PHYSICAL DESCRIPTION
Extent 224 p. :
Other physical details il. col., lam., diagrs. ;
Dimensions 26 cm.
650 10 - SUBJECT ADDED ENTRY--TOPICAL TERM
Topical term or geographic name entry element Diseño gráfico
9 (RLIN) 196
650 20 - SUBJECT ADDED ENTRY--TOPICAL TERM
Topical term or geographic name entry element Procesamiento de imágenes
9 (RLIN) 271
650 24 - SUBJECT ADDED ENTRY--TOPICAL TERM
9 (RLIN) 272
Topical term or geographic name entry element PHOTOSHOP (PROGRAMA PARA COMPUTADORA)
910 ## - USER-OPTION DATA (OCLC)
-- hfp
-- hfp
942 ## - ADDED ENTRY ELEMENTS (KOHA)
Source of classification or shelving scheme Dewey Decimal Classification
Koha item type Libros
Classification part 741.60285
Item part L26
Existencias
Fecha de la última vez que lo usaron Número de ingreso o de inventario Pago total Signatura topográfica completa Precio efectivo desde Tipo de documento Estado perdido Sistema de clasificación Estado dañado No es para préstamo Retirado Ubicación permanente Ubicación actual Fecha de adquisición
13/12/2022 16004   741.60285/L26 13/12/2022 Libros   Dewey Decimal Classification       Biblioteca Central Lima Biblioteca Central Lima 13/12/2022